Elecciones, ideologías y programas políticos (Registro nro. 1150)
[ vista simple ]
| 000 -CABECERA | |
|---|---|
| Longitud fija campo de control | 01078nam a2200313Ia 4500 |
| 001 - NÚMERO DE CONTROL | |
| Número de control | 357830 |
| 003 - IDENTIFICADOR DEL NÚMERO DE CONTROL | |
| Identificador del número de control | EC-QuCCB |
| 005 - FECHA Y HORA DE LA ÚLTIMA TRANSACCIÓN | |
| Fecha y hora de la última transacción | 20240611092854.0 |
| 007 - CAMPO FIJO DE DESCRIPCIÓN FÍSICA--INFORMACIÓN GENERAL | |
| Campo fijo de descripción física | ta |
| 008 - DATOS DE LONGITUD FIJA--INFORMACIÓN GENERAL | |
| Códigos de información de longitud fija | 130917s1994 ec a gr 001 0 spa d |
| 020 ## - NÚMERO INTERNACIONAL ESTÁNDAR DEL LIBRO | |
| Número Internacional Normalizado para Libros (ISBN) | 9978841865 |
| 040 ## - FUENTE DE LA CATALOGACIÓN | |
| Centro catalogador de origen | EC-QuCCB |
| 041 0# - CÓDIGO DE LENGUA | |
| Código de lengua del texto;banda sonora o título independiente | spa |
| 082 ## - NÚMERO DE LA CLASIFICACIÓN DECIMAL DEWEY | |
| Número de clasificación | 324 |
| Número de documento | A326 |
| 100 1# - ENTRADA PRINCIPAL--NOMBRE DE PERSONA | |
| Nombre de persona | Albán Gómez, Ernesto, |
| 9 (RLIN) | 340 |
| Fechas asociadas con el nombre | 1937- |
| 245 10 - MENCIÓN DE TÍTULO | |
| Título | Elecciones, ideologías y programas políticos |
| Mención de responsabilidad, etc. | Ernesto Alban, Enrique Ayala, Agustín Grijalva |
| 250 ## - MENCIÓN DE EDICIÓN | |
| Mención de edición | Segunda edición |
| 260 ## - PUBLICACIÓN, DISTRIBUCIÓN, ETC. (PIE DE IMPRENTA) | |
| Lugar de publicación, distribución, etc. | Quito, Ecuador : |
| Nombre del editor, distribuidor, etc. | Corporación Editora Nacional, |
| Fecha de publicación, distribución, etc. | 1994 |
| 300 ## - DESCRIPCIÓN FÍSICA | |
| Extensión | 250 páginas : |
| Otros detalles físicos | ilustraciones ; |
| Dimensiones | 17 cm |
| 336 ## - TIPO DE CONTENIDO | |
| Content type term | texto |
| Content type code | txt |
| 337 ## - TIPO DE MEDIO | |
| Media type term | no mediado |
| Media type code | n |
| 338 ## - TIPO DE PORTADOR | |
| Carrier type term | volumen |
| Carrier type code | nc |
| 490 1# - MENCIÓN DE SERIE | |
| Mención de serie | Biblioteca General de Cultura ; |
| Número de volumen/designación secuencial | número 5 |
| 505 1# - NOTA DE CONTENIDO CON FORMATO | |
| Nota de contenido con formato preestablecido | Los sistemas electorales contemporáneos -- Evolución del sistema electoral Ecuatoriano -- Información sistematizada. |
| 650 ## - PUNTO DE ACCESO ADICIONAL DE MATERIA--TÉRMINO DE MATERIA | |
| 9 (RLIN) | 11463 |
| Nombre de materia o nombre geográfico como elemento de entrada | Ciencias Políticas |
| Subdivisión geográfica | Ecuador |
| 700 1# - PUNTO DE ACCESO ADICIONAL--NOMBRE DE PERSONA | |
| Nombre de persona | Ayala Mora, Enrique, |
| 9 (RLIN) | 817 |
| Fechas asociadas al nombre | 1950- |
| Nombre de persona | Grijalva Jiménez, Agustín, |
| 9 (RLIN) | 3251 |
| Fechas asociadas al nombre | 1965- |
| 942 ## - ELEMENTOS DE PUNTO DE ACCESO ADICIONAL (KOHA) | |
| Fuente de clasificaión o esquema | Dewey Decimal Classification |
| Koha [por defecto] tipo de item | Monografía |
| Suprimido | Perdido | Fuente de clasificación o esquema | Estropeado | Restricciones de uso | No se presta | Localización (Biblioteca) | Localización actual | Localización en estanterías | Fecha adquisición | Préstamos totales | Clasificación completa | Designación de pieza (código de barras) | Fecha última consulta | Número de ejemplar | Fecha del precio de reemplazo | Tipo de item de Koha |
|---|---|---|---|---|---|---|---|---|---|---|---|---|---|---|---|---|
| Disponible | Dewey Decimal Classification | Sin daños | Disponible para préstamo | Biblioteca CCE - Bolívar | Biblioteca CCE - Bolívar | En Col. | 12/03/2018 | 324 A326 | CCE-BOL18033282 | 12/03/2018 | Ej. 1 | 12/03/2018 | Monografía | |||
| Disponible | Dewey Decimal Classification | Sin daños | Sin restricciones de uso | Disponible para préstamo | Biblioteca CCE - Loja | Biblioteca CCE - Loja | En Col. | 12/02/2016 | 324 A326 | CCELOJ'003645 | 12/02/2016 | Ej.1 | 12/02/2016 | Monografía |























